عرض عادي عرض مارك
  • السبتي، عياض بن موسى،

مدخل إسم شخص

عدد التسجيلات المستخدمة في: 1

001 - رقم الضبط

  • حقل الضبط: 85055

003 - معرف رقم الضبط

  • حقل الضبط: OSt

005 - تاريخ ووقت أخر عملية

  • حقل الضبط: 20200228173010.0

008 - عناصر بيانات ثابتة الطول

  • حقل تحكم ثابت الطول: 200228|| aca||aabn | a|a d

040 ## - مصدر الفهرسة

  • هيئة الفهرسة الأصلية: OSt
  • وكالة الكتابة: OSt

100 ## - مدخل -- أسم شخص

  • إسم شخص: السبتي، عياض بن موسى،
  • تواريخ مرتبطة بالاسم: 476-544 هجري

670 ## - بيانات المصدر موجوده

  • الاستشهاد بالمصدر: Work cat.: (OSt)78717: السبتي، عياض بن موسى، 476-544 هجري مؤلف., بغية الرائد لما تضمنه حديث أم زرع من الفوائد /